Cultura transmedia: la creación de contenido y valor en una cultura en red
Guardat en:
| Autors principals: | , , |
|---|---|
| Format: | Llibre |
| Idioma: | espanyol |
| Publicat: |
Barcelona
Gedisa
2015
|
| Edició: | 1a. ed |
| Col·lecció: | Comunicación, 60
|
| Matèries: | |
| Etiquetes: |
Afegir etiqueta
Sense etiquetes, Sigues el primer a etiquetar aquest registre!
|
MARC
| LEADER | 00000cam a2200000 a 4500 | ||
|---|---|---|---|
| 001 | UCD6247 | ||
| 003 | CL-VaPUC | ||
| 008 | 161124e20150000sp |||||||||||||||||spa|d | ||
| 020 | |a 9788497848442 | ||
| 082 | 0 | 4 | |a 302.23 |b JEN |2 21 |
| 100 | 0 | |a Jenkins, Henry |e author |9 589988 | |
| 700 | 0 | |a Ford, Sam |e author |9 589989 | |
| 700 | 0 | |a Green, Joshua |e author |9 589990 | |
| 245 | 1 | 0 | |a Cultura transmedia: la creación de contenido y valor en una cultura en red |
| 250 | |a 1a. ed | ||
| 300 | |a 350 p | ||
| 942 | |c BK | ||
| 945 | |d 20161124 22:47:00 |a arojas | ||
| 260 | |a Barcelona |b Gedisa |c 2015 | ||
| 650 | 0 | |a Medios de comunicación |9 257206 | |
| 650 | 0 | |a Redes sociales |9 327959 | |
| 650 | 0 | |a Canales de comunicación |9 337811 | |
| 583 | |a last modification |c 20181108 01:12:12 |k Rodrigo Vera | ||
| 490 | 0 | |a Comunicación, 60 | |
| 999 | |c 366604 |d 366602 | ||
| 952 | |0 0 |1 0 |3 erb |4 0 |6 302_230000000000000_JEN_2015 |7 0 |8 A |9 480984 |a BIBCUR |b BIBCUR |i 535014K |l 1 |o 302.23 JEN 2015 |p 535014K |r 2025-04-22 |s 2023-04-24 |w 2019-11-24 |y BK |z Catalogado en:20161124 |k PER | ||
| 952 | |0 0 |1 0 |3 erb |4 0 |6 302_230000000000000_JEN_2015 |7 0 |8 A |9 480985 |a BIBCUR |b BIBCUR |i 5512506 |o 302.23 JEN 2015 |p 5512506 |r 2025-04-22 |w 2019-11-24 |y BK |z Catalogado en:20181109 |k PER | ||